An introduction to electronics.

Bibliographic Details
Main Author: Wood, Deryck Richard John
Format: Book
Language:English
Published: London : Dent, [1955]
Subjects:

MARC

Tag First Indicator Second Indicator Subfields
LEADER 00000cam a2200000 4500
001 in00000024600
005 20151007062423.0
008 800701s1955 enka 00000 eng
010 |a  56000451  
035 |a (OCoLC)06476621 
035 |9 AAD4838AM 
040 |a DLC  |c TXA  |d UtOrBLW 
049 |a TXAM  |c [375396] 
050 0 |a TK7815  |b .W6 
092 |a 621.38  |b W874i, 1955 
100 1 |a Wood, Deryck Richard John. 
245 1 3 |a An introduction to electronics. 
264 1 |a London :  |b Dent,  |c [1955] 
300 |a 192 pages :  |b illustrations ;  |c 23 cm. 
336 |a text  |b txt  |2 rdacontent 
337 |a unmediated  |b n  |2 rdamedia 
338 |a volume  |b nc  |2 rdacarrier 
650 0 |a Electronics. 
999 |a MARS 
999 f f |s 326d91af-a8f4-39d7-9be6-a60de2771705  |i 37a39927-d5cb-39b6-aef8-83f5bf22e7ef  |t 0 
952 f f |p ric  |a Texas A&M University  |b Rellis Campus  |c Joint Library Facility  |d Remote Storage  |t 0  |e TK7815 .W6  |h Library of Congress classification  |i unmediated -- volume  |m A14801037235 
998 f f |a TK7815 .W6  |t 0  |l Remote Storage